[Event "Welcome Tournament For New Players #4c"]
[Site "SchemingMind.com"]
[Date "2007.09.03"]
[Round "-"]
[White "Ercan"]
[Black "Dariusz1968"]
[Result "1-0"]
[WhiteCountry "TUR"]
[BlackCountry "POL"]
[WhiteElo "1392"]
[WhiteRD "151"]
[BlackElo "1448"]
[BlackRD "53"]
[GameID "119118"]

1. e4 b6 2. d4 Bb7 3. Nc3 g6 4. Bc4 Bg7 5. Qf3 e6 6. Be3 f5 7. Qg3 fxe4 8. Nb5 Na6 9. Bg5 Bf6 10. Bf4 Bh4
11. Qh3 Qf6 12. Ne2 Ne7 13. O-O Rg8 14. Bxc7 Nc6 15. Be5 Qe7 16. Nd6+ Kd8 17. Nxb7+ Kc8 18. Nd6+ Kd8 19. Bxa6 Nxe5 20. dxe5 Rf8
21. Nxe4 Rf5 22. f4 g5 23. g4 Rf7 24. fxg5 Bxg5 25. Nxg5 Rxf1+ 26. Rxf1 Qc5+ 27. Rf2 Qxc2 28. Nxe6+ dxe6 29. Rf8+ Ke7 30. Rxa8 Qd1+
31. Kf2 Kd7 32. Bb5+ Ke7 33. Qxh7#
1-0

[Event "Welcome Tournament For New Players #4c"]
[Site "SchemingMind.com"]
[Date "2007.09.03"]
[Round "-"]
[White "Dariusz1968"]
[Black "Ercan"]
[Result "1-0"]
[WhiteCountry "POL"]
[BlackCountry "TUR"]
[WhiteElo "1448"]
[WhiteRD "53"]
[BlackElo "1392"]
[BlackRD "151"]
[GameID "119119"]

1. e4 e5 2. Bc4 Nf6 3. Qf3 Bc5 4. a3 Nc6 5. Ne2 d6 6. h3 O-O 7. d3 Nd4 8. Nxd4 Bxd4 9. c3 Bb6 10. Bg5 Bd7
11. O-O Be6 12. Bxe6 fxe6 13. Nd2 Qd7 14. Qg3 Nh5 15. Qg4 Nf4 16. Bxf4 exf4 17. d4 Qf7 18. Nf3 e5 19. Ng5 Qg6 20. h4 h6
21. Qe6+ Qxe6 22. Nxe6 Rf6 23. d5 c6 24. c4 cxd5 25. cxd5 Rc8 26. Rac1 Rxc1 27. Rxc1 Kf7 28. h5 g6 29. hxg6+ Kxg6 30. Rc8 Kh5
31. Rg8 Rf7= 32. Kh2 Bxf2 33. Ng7+ Kh4 34. Nf5+ Kh5 35. Nxd6 Rf6 36. Nxb7 Rb6 37. d6 Kh4 38. d7 Rb3 39. d8=Q+ Kh5 40. Qe8+
1-0

[Event "Welcome Tournament For New Players #4c"]
[Site "SchemingMind.com"]
[Date "2007.09.08"]
[Round "-"]
[White "mathmagician"]
[Black "Dariusz1968"]
[Result "1/2-1/2"]
[WhiteCountry "USA"]
[BlackCountry "POL"]
[WhiteElo "1139"]
[WhiteRD "145"]
[BlackElo "1448"]
[BlackRD "53"]
[GameID "119785"]

1. d4 h6 2. c4 b6 3. b3 Bb7 4. Nc3 e6 5. Nf3 Bxf3 6. exf3 Bb4 7. Bb2 Nc6 8. d5 exd5 9. cxd5 Qe7+ 10. Be2 Qe5
11. O-O Bxc3 12. dxc6 dxc6 13. Bxc3 Qxc3 14. f4 Rd8 15. Qc1 Qxc1 16. Raxc1 Nf6 17. Rxc6 O-O 18. Rxc7 Rd7 19. Rxd7 Nxd7 20. b4 Re8
21. Bb5 Re7 22. g4 Nf6 23. h3 Nd5 24. f5 Nxb4 25. Bc4 Re4 26. Bb3 a5 27. f3 Re2 28. a3 Re3 29. axb4 Rxb3 30. bxa5 bxa5
31. Ra1 Rb5 32. Kg2 Kf8 33. Ra4 Ke7 34. Kf2 Kd6 35. Ke3 Kc5 36. Kd3 Rb3+ 37. Ke2 Kb5 38. Re4=
1/2-1/2

[Event "Welcome Tournament For New Players #4c"]
[Site "SchemingMind.com"]
[Date "2007.09.08"]
[Round "-"]
[White "mathmagician"]
[Black "Ercan"]
[Result "0-1"]
[WhiteCountry "USA"]
[BlackCountry "TUR"]
[WhiteElo "1139"]
[WhiteRD "145"]
[BlackElo "1392"]
[BlackRD "151"]
[GameID "119786"]

1. d4 Nf6 2. c4 e6 3. f3 d5 4. cxd5 Qxd5 5. e4 Qd8 6. Nc3 Bb4 7. a3 Ba5 8. b4 Bb6 9. Qc2 Bxd4 10. Rb1 e5
11. Nb5 Bb6 12. Be3 Na6 13. Bxb6 axb6 14. Qa4 c6 15. Nc3 O-O 16. b5 cxb5 17. Qxb5 Nc5 18. Rd1 Bd7 19. Qb3 Nxb3 20. Nd5 Nxd5
21. Rxd5 f6 22. Bc4 Rxa3 23. Rxd7+ Kh8 24. Rxd8 Rxd8 25. Bd5 Nc5 26. Ne2 Ra1+ 27. Kf2 Rxh1 28. h3 Rd1 29. Bxb7 Nxb7 30. Nc3 R1d2+
31. Ke3 Rxg2 32. f4 Rg3+
0-1

[Event "Welcome Tournament For New Players #4c"]
[Site "SchemingMind.com"]
[Date "2007.09.08"]
[Round "-"]
[White "Dariusz1968"]
[Black "mathmagician"]
[Result "1-0"]
[WhiteCountry "POL"]
[BlackCountry "USA"]
[WhiteElo "1448"]
[WhiteRD "53"]
[BlackElo "1139"]
[BlackRD "145"]
[GameID "119787"]

1. e4 e5 2. a3 a5 3. Qf3 Nf6 4. Bc4 Nc6 5. Ne2 Bc5 6. d3 h5 7. Bg5 Nd4 8. Nxd4 Bxd4 9. c3 Bc5 10. Qg3 Qe7
11. Nd2 Qd6 12. Nf3 Qb6 13. Qxe5+ Be7 14. h3 Qxb2 15. O-O d6 16. Qb5+ c6 17. Qxb2 b5 18. Bxb5 cxb5 19. Qxb5+ Bd7 20. Qb7 Rc8
21. e5 dxe5 22. Nxe5 Rxc3 23. Bxf6 Bxf6 24. Qxd7+ Kf8 25. Qxf7#
1-0

[Event "Welcome Tournament For New Players #4c"]
[Site "SchemingMind.com"]
[Date "2007.09.08"]
[Round "-"]
[White "Ercan"]
[Black "mathmagician"]
[Result "1-0"]
[WhiteCountry "TUR"]
[BlackCountry "USA"]
[WhiteElo "1392"]
[WhiteRD "151"]
[BlackElo "1139"]
[BlackRD "145"]
[GameID "119788"]

1. e4 e5 2. Nf3 f6 3. Bc4 Nh6 4. d4 Nc6 5. d5 Nb4 6. Bxh6 gxh6 7. O-O Qe7 8. a3 Na6 9. Nc3 Nc5 10. b4 Nxe4
11. Nxe4 a5 12. c3 f5 13. d6 cxd6 14. Nxd6+ Kd8 15. Nxf5 Qf6 16. Bd3 e4 17. Bxe4 Qxc3 18. Qd5 Rb8 19. Ne5 axb4 20. axb4 Qxb4
21. Nf7+ Ke8 22. Nxh8 Bg7 23. Rab1 Qf8 24. Nd6+ Kd8 25. Nhf7+ Ke7 26. Bxh7 Bf6 27. Rfe1+ Be5 28. Qxe5#
1-0

[Event "Welcome Tournament For New Players #4c"]
[Site "SchemingMind.com"]
[Date "2007.09.10"]
[Round "-"]
[White "Malfurion"]
[Black "Dariusz1968"]
[Result "1-0"]
[WhiteCountry "USA"]
[BlackCountry "POL"]
[WhiteElo "1966"]
[WhiteRD "143"]
[BlackElo "1448"]
[BlackRD "53"]
[GameID "120108"]

1. d4 b6 2. e4 Bb7 3. Nc3 g6 4. Be3 Bg7 5. Bc4 e6 6. Nf3 Qe7 7. Qd2 Qb4 8. b3 c5 9. O-O cxd4 10. Bxd4 Bxd4
11. Qxd4 f6 12. Nb5 Kd8 13. Nd6 Nc6 14. Qd3 Kc7 15. Nf7 Nge7 16. a3 Qc5 17. Rfd1 Rhd8 18. b4 Qh5 19. Qd6+ Kc8 20. Nxd8 Ne5
21. Nxe5 Qxe5 22. Qxd7+
1-0

[Event "Welcome Tournament For New Players #4c"]
[Site "SchemingMind.com"]
[Date "2007.09.10"]
[Round "-"]
[White "Malfurion"]
[Black "Ercan"]
[Result "1-0"]
[WhiteCountry "USA"]
[BlackCountry "TUR"]
[WhiteElo "1966"]
[WhiteRD "143"]
[BlackElo "1392"]
[BlackRD "151"]
[GameID "120109"]

1. d4 d5 2. Nf3 Nf6 3. Bg5 e6 4. e3 Be7 5. Bd3 Nc6 6. c4 h6 7. Bxf6 Bxf6 8. cxd5 exd5 9. O-O Ne7 10. Nc3 c6
11. Rc1 O-O 12. h3 Nf5 13. Qc2 Nh4 14. Nxh4 Bxh4 15. Bf5 Bxf5 16. Qxf5 Qc7 17. Nxd5 Qd8 18. Nf4 g6 19. Nxg6 fxg6 20. Qxg6+ Kh8
21. Qxh6+ Kg8 22. Qg6+ Kh8 23. Rc5 Rg8 24. Rh5#
1-0

[Event "Welcome Tournament For New Players #4c"]
[Site "SchemingMind.com"]
[Date "2007.09.10"]
[Round "-"]
[White "Malfurion"]
[Black "mathmagician"]
[Result "1-0"]
[WhiteCountry "USA"]
[BlackCountry "USA"]
[WhiteElo "1966"]
[WhiteRD "143"]
[BlackElo "1139"]
[BlackRD "145"]
[GameID "120110"]

1. d4 c6 2. Nf3 d5 3. Bg5 f6 4. Bh4 g5 5. Bg3 Bf5 6. e3 Qb6 7. b3 Na6 8. Bd3 e6 9. Bxf5 exf5 10. O-O h5
11. Qd3 h4 12. Qxf5 hxg3 13. fxg3 Be7 14. h4 Nb4 15. hxg5 Nxc2 16. Qxc2 fxg5 17. Qg6+ Kd8 18. Nxg5 Qc7 19. Ne6+ Kd7 20. Nxc7 Kxc7
21. Qg7 Nh6 22. Qxe7+ Kb6 23. Nc3 Nf5 24. Rxf5
1-0

[Event "Welcome Tournament For New Players #4c"]
[Site "SchemingMind.com"]
[Date "2007.09.10"]
[Round "-"]
[White "Dariusz1968"]
[Black "Malfurion"]
[Result "0-1"]
[WhiteCountry "POL"]
[BlackCountry "USA"]
[WhiteElo "1448"]
[WhiteRD "53"]
[BlackElo "1966"]
[BlackRD "143"]
[GameID "120111"]

1. e4 d5 2. e5 Bf5 3. d4 e6 4. a3 c6 5. Nc3 Nd7 6. Bd3 Bxd3 7. Qxd3 c5 8. Be3 cxd4 9. Bxd4 Qg5 10. g3 a6
11. Nf3 Qd8 12. h4 h6 13. O-O-O b5 14. b4 Ne7 15. g4 Nc6 16. g5 Nxd4 17. Qxd4 Qb6 18. Qd2 a5 19. bxa5 Qxa5 20. Nb1 Bxa3+
21. Nxa3 Qxa3+
0-1

[Event "Welcome Tournament For New Players #4c"]
[Site "SchemingMind.com"]
[Date "2007.09.10"]
[Round "-"]
[White "Ercan"]
[Black "Malfurion"]
[Result "0-1"]
[WhiteCountry "TUR"]
[BlackCountry "USA"]
[WhiteElo "1392"]
[WhiteRD "151"]
[BlackElo "1966"]
[BlackRD "143"]
[GameID "120112"]

1. c4 c5 2. Nc3 Nc6 3. g3 g6 4. e4 Bg7 5. Bg2 e6 6. Nf3 Nge7 7. O-O O-O 8. d3 d5 9. cxd5 exd5 10. Bd2 dxe4
11. dxe4 Bg4 12. Qe1 Bxf3 13. Bxf3 Nd4 14. Bd1 Nec6 15. Nd5 Ne5 16. Kg2 Nd3 17. Qe3 Nxb2 18. Bc3 Nc4 19. Qd3 Ne5 20. Qe3 Nec6
21. Rb1 Rb8 22. h3 Ne7 23. Nf4 Re8 24. Qc1 Nec6 25. f3 Qd6 26. Re1 b6 27. Rf1 f5 28. exf5 Nxf5 29. Bd2 Ncd4 30. Qa3 Rb7
31. g4 Nh4+ 32. Kg3 g5 33. Bb3+ Nxb3 34. Qxb3+ Rf7 35. Rbd1 gxf4+ 36. Bxf4 Qxf4+
0-1

[Event "Welcome Tournament For New Players #4c"]
[Site "SchemingMind.com"]
[Date "2007.09.10"]
[Round "-"]
[White "mathmagician"]
[Black "Malfurion"]
[Result "0-1"]
[WhiteCountry "USA"]
[BlackCountry "USA"]
[WhiteElo "1139"]
[WhiteRD "145"]
[BlackElo "1966"]
[BlackRD "143"]
[GameID "120113"]

1. d4 Nf6 2. c4 e6 3. d5 c6 4. dxe6 fxe6 5. f3 Bc5 6. e3 Qb6 7. Qd3 Na6 8. a3 O-O 9. b4 Be7 10. c5 Qc7
11. e4 d5 12. Ne2 dxe4 13. fxe4 Ng4 14. Be3 Nxe3 15. Qxe3 Qe5 16. Nbc3 Nc7 17. O-O-O Bg5 18. Qxg5 Qxg5+ 19. Kb2 a5 20. h4 Qf6
21. g4 axb4 22. axb4 Nb5 23. Rh3 Nxc3 24. Nxc3 b6 25. g5 Qf2+ 26. Be2 bxc5 27. bxc5 Ba6 28. Rd2 Bxe2 29. Nxe2 Qxc5 30. Rc3 Qb4+
31. Kc2 Qxe4+ 32. Kb2 Rfb8+ 33. Rb3 Rxb3+ 34. Kxb3 Qe3+ 35. Kc2 Ra2+
0-1

[Event "Welcome Tournament For New Players #4c"]
[Site "SchemingMind.com"]
[Date "2007.09.14"]
[Round "-"]
[White "finlaggan"]
[Black "Dariusz1968"]
[Result "1-0"]
[WhiteCountry "SCO"]
[BlackCountry "POL"]
[WhiteElo "1898"]
[WhiteRD "154"]
[BlackElo "1319"]
[BlackRD "60"]
[GameID "120714"]

1. d4 g6 2. c4 Bg7 3. Nc3 Nc6 4. d5 Bxc3+ 5. bxc3 Ne5 6. f4 Nxc4 7. Qd4 Nf6 8. Qxc4 a6 9. e4 b5 10. Qd4 Bb7
11. Nf3 d6 12. Be2 c5 13. dxc6 Bxc6 14. e5
1-0

[Event "Welcome Tournament For New Players #4c"]
[Site "SchemingMind.com"]
[Date "2007.09.14"]
[Round "-"]
[White "finlaggan"]
[Black "Ercan"]
[Result "1-0"]
[WhiteCountry "SCO"]
[BlackCountry "TUR"]
[WhiteElo "1747"]
[WhiteRD "255"]
[BlackElo "1392"]
[BlackRD "151"]
[GameID "120715"]

1. e4 e5 2. Nf3 Nc6 3. d4 exd4 4. Nxd4 Bc5 5. Nxc6 bxc6 6. Nc3 Nf6 7. Bd3 O-O 8. O-O d5 9. Bg5 Qe8 10. Bxf6 gxf6
11. exd5 cxd5 12. Qh5 f5 13. Nxd5 Qd7 14. Nf6+
1-0

[Event "Welcome Tournament For New Players #4c"]
[Site "SchemingMind.com"]
[Date "2007.09.15"]
[Round "-"]
[White "finlaggan"]
[Black "mathmagician"]
[Result "1-0"]
[WhiteCountry "SCO"]
[BlackCountry "USA"]
[WhiteElo "1813"]
[WhiteRD "182"]
[BlackElo "1229"]
[BlackRD "107"]
[GameID "120716"]

1. e4 e5 2. Nf3 Nf6 3. Nxe5 Qe7 4. Nf3 Nxe4 5. Be2 b6 6. d4 d5 7. O-O Qe6 8. Re1 c6 9. Bd3 Bd6 10. Ng5 Qf6
11. Nxe4 dxe4 12. Rxe4+ Be6 13. Bc4 O-O 14. Bxe6 fxe6 15. Qe2 Re8 16. Nc3 Nd7 17. Bd2 c5 18. Nb5 Bb8 19. Bc3 cxd4 20. Nxd4 Qh6
21. g3 Nc5 22. Rh4 Qf6 23. Nc6 Qf7 24. Nxb8 Raxb8 25. Qe5 Rf8 26. f3 a5 27. Rg4 Rb7 28. Rf4 Qe7 29. Rxf8+ Qxf8 30. Rd1 Qxf3
31. Rd8+ Kf7 32. Qxg7#
1-0

[Event "Welcome Tournament For New Players #4c"]
[Site "SchemingMind.com"]
[Date "2007.09.14"]
[Round "-"]
[White "finlaggan"]
[Black "Malfurion"]
[Result "1-0"]
[WhiteCountry "SCO"]
[BlackCountry "USA"]
[WhiteElo "1966"]
[WhiteRD "124"]
[BlackElo "1921"]
[BlackRD "88"]
[GameID "120717"]

1. c4 c5 2. g3 g6 3. Bg2 Bg7 4. Nc3 Nc6 5. a3 d6 6. Rb1 a5 7. Nf3 e5 8. O-O Nge7 9. d3 O-O 10. Bg5 f6
11. Be3 Rb8 12. Ne1 Be6 13. Nc2 b6 14. b4 axb4 15. axb4 Qd7 16. Nd5 Bh3 17. b5 Nxd5 18. Bxd5+ Kh8 19. bxc6 Qc8 20. Re1 f5
21. Bg5 Bf6 22. Bxf6+ Rxf6 23. e3 f4 24. exf4 exf4 25. Qe2 fxg3 26. hxg3 Qf5 27. f4 h5 28. c7 Rc8 29. Qe7 h4 30. Ne3
1-0

[Event "Welcome Tournament For New Players #4c"]
[Site "SchemingMind.com"]
[Date "2007.09.15"]
[Round "-"]
[White "Dariusz1968"]
[Black "finlaggan"]
[Result "0-1"]
[WhiteCountry "POL"]
[BlackCountry "SCO"]
[WhiteElo "1319"]
[WhiteRD "60"]
[BlackElo "1898"]
[BlackRD "154"]
[GameID "120718"]

1. e4 e5 2. Bc4 Nf6 3. Qf3 Nc6 4. c3 Bc5 5. g4 d5 6. exd5 e4 7. Qg3 Nxg4 8. d4 exd3 9. Be3 Bd6 10. Qg2 Nxe3
11. fxe3 Qh4+ 12. Kd2 Qxc4 13. Qxg7 Qxd5
0-1

[Event "Welcome Tournament For New Players #4c"]
[Site "SchemingMind.com"]
[Date "2007.09.14"]
[Round "-"]
[White "Ercan"]
[Black "finlaggan"]
[Result "0-1"]
[WhiteCountry "TUR"]
[BlackCountry "SCO"]
[WhiteElo "1392"]
[WhiteRD "151"]
[BlackElo "1747"]
[BlackRD "255"]
[GameID "120719"]

1. e4 e5 2. d4 exd4 3. Qxd4 Nc6 4. Qe3 Nf6 5. Bc4 Bb4+ 6. c3 Ba5 7. b4 Bb6 8. Qf4 O-O 9. Nf3 Re8 10. Bd3 d5
11. O-O dxe4 12. Be2 exf3 13. Bxf3 Ne5 14. Rd1 Nxf3+ 15. Qxf3 Bg4 16. Rxd8 Raxd8 17. Qf4 Re1#
0-1

[Event "Welcome Tournament For New Players #4c"]
[Site "SchemingMind.com"]
[Date "2007.09.15"]
[Round "-"]
[White "mathmagician"]
[Black "finlaggan"]
[Result "0-1"]
[WhiteCountry "USA"]
[BlackCountry "SCO"]
[WhiteElo "1229"]
[WhiteRD "107"]
[BlackElo "1813"]
[BlackRD "182"]
[GameID "120720"]

1. d4 d5 2. b3 Nf6 3. c4 Bf5 4. Nc3 e6 5. Nf3 Bb4 6. a3 Bxc3+ 7. Bd2 Bxa1 8. Qxa1 Ne4 9. Qc1 Nxd2 10. Qxd2 O-O
11. e3 Nd7 12. Be2 c5 13. O-O Bg6 14. Nh4 cxd4 15. exd4 Qxh4 16. Qb4 Qxd4 17. Qxb7 Nc5 18. Qc7 Nxb3 19. cxd5 exd5 20. Rd1 Qc5
21. Qg3 Qxa3 22. Rxd5 Rac8 23. h3 Rc1+ 24. Kh2 Qb2 25. Qg5 Qxe2 26. Rd8 f6 27. Rxf8+ Kxf8 28. Qd5 Qe5+ 29. Qxe5 fxe5 30. f3 a5
31. Kg3 a4 32. Kg4 a3 33. f4 exf4 34. Kxf4 a2 35. h4 a1=Q 36. Kg5 Qe5+ 37. Kg4 Qf5+ 38. Kg3 Rc3+ 39. Kh2 Qf4+ 40. g3 Qxg3+
41. Kh1 Be4#
0-1

[Event "Welcome Tournament For New Players #4c"]
[Site "SchemingMind.com"]
[Date "2007.09.15"]
[Round "-"]
[White "Malfurion"]
[Black "finlaggan"]
[Result "1-0"]
[WhiteCountry "USA"]
[BlackCountry "SCO"]
[WhiteElo "1921"]
[WhiteRD "111"]
[BlackElo "1685"]
[BlackRD "224"]
[GameID "120721"]

1. d4 d5 2. Nf3 Nf6 3. Bg5 Ne4 4. Bf4 c5 5. c3 Qb6 6. Qb3 c4 7. Qxb6 axb6 8. Nbd2 Bf5 9. Nxe4 Bxe4 10. Nd2 Bg6
11. e4 e6 12. exd5 exd5 13. g3 Nc6 14. Bg2 Rd8 15. Bc7 Rd7 16. Bxb6 Re7+ 17. Kd1 Rd7 18. Re1+ Be7 19. Bc5 O-O 20. Bxe7 Nxe7
21. b3 b5 22. bxc4 bxc4 23. Nf3 Be4 24. Ne5 Ra7 25. Bxe4 dxe4 26. Rxe4 Rfa8 27. Nxc4 Nd5 28. Kd2 Rxa2+ 29. Rxa2 Rxa2+ 30. Kd3
1-0

[Event "Welcome Tournament For New Players #4c"]
[Site "SchemingMind.com"]
[Date "2007.09.14"]
[Round "-"]
[White "myghtyhill"]
[Black "Dariusz1968"]
[Result "1-0"]
[WhiteCountry "CHN"]
[BlackCountry "POL"]
[WhiteElo "1749"]
[WhiteRD "130"]
[BlackElo "1448"]
[BlackRD "53"]
[GameID "120734"]

1. e4 e5 2. Nf3 f6 3. Nxe5 fxe5 4. Qh5+ Ke7 5. Qxe5+ Kf7 6. Bc4+ d5 7. Bxd5+ Qxd5 8. Qxd5+ Ke8 9. Qh5+ Kd8 10. d4 h6
11. Nc3 Nf6 12. Qh4 Be7 13. Bg5 Rf8 14. Bxf6 Bxf6 15. Qh5 Bxd4 16. Qd5+ Bd7 17. Qxd4 Rf7 18. O-O-O Nc6 19. Qc4 Re7 20. Qg8+ Re8
21. Qxg7 Re7 22. Rxd7+ Kxd7 23. Rd1+ Ke6 24. Qg6+ Ke5 25. Qf5#
1-0

[Event "Welcome Tournament For New Players #4c"]
[Site "SchemingMind.com"]
[Date "2007.09.14"]
[Round "-"]
[White "myghtyhill"]
[Black "Ercan"]
[Result "1-0"]
[WhiteCountry "CHN"]
[BlackCountry "TUR"]
[WhiteElo "1749"]
[WhiteRD "130"]
[BlackElo "1392"]
[BlackRD "151"]
[GameID "120735"]

1. e4 e5 2. Nf3 Nc6 3. Bc4 Bc5 4. Nc3 Nf6 5. a3 d6 6. b4 Bd4 7. Nxd4 Nxd4 8. d3 O-O 9. Ne2 c6 10. Bg5 d5
11. exd5 cxd5 12. Ba2 Qd7 13. Bxf6 gxf6 14. c3 Nf5 15. Ng3 Qc6 16. Rc1 Rd8 17. Qh5 Qe6 18. Ne4 Ng7 19. Qh6 Ne8 20. O-O Qg4
21. f3 Qe6 22. f4 Qe7 23. Ng3 a5 24. d4 e4 25. Qh5 Ng7 26. Qe2 axb4 27. axb4 b6 28. c4 Ba6 29. b5 Bc8 30. c5 bxc5
31. Rxc5 f5 32. Bxd5 Bb7 33. Qc4 Bxd5 34. Rxd5 Qe6 35. Rxd8+ Rxd8 36. Rc1 Qd6 37. Ne2 Ne6 38. g3 Qa3 39. Rc3 Qa1+ 40. Kg2 h5
41. d5 Ng7 42. b6 Ne8 43. Qc6 Kg7 44. b7 Rb8 45. Nd4 Qa2+ 46. Rc2 Qb1 47. Nxf5+ Kg8 48. Kh3 Qd1 49. Nh6+ Kg7 50. Kh4 Nf6
51. Nf5+ Kg6= 52. Ne7+ Kg7 53. h3 e3 54. Nf5+ Kg6 55. Nxe3 Qd4 56. Qc8 Rxc8 57. bxc8=Q Qxe3 58. Rc7 Qd4 59. Qd8 Kg7 60. Rc6 Ne4
61. Qe7 Qxd5 62. Qe5+ Qxe5 63. fxe5 Kf8 64. Rc4 Nd2 65. Rc8+ Kg7 66. Kxh5 Nf3 67. Re8 Nd4 68. Kg5 Ne6+ 69. Rxe6 fxe6 70. h4 Kf7
71. Kh6 Kg8 72. Kg6 Kf8 73. Kf6
1-0

[Event "Welcome Tournament For New Players #4c"]
[Site "SchemingMind.com"]
[Date "2007.09.15"]
[Round "-"]
[White "myghtyhill"]
[Black "mathmagician"]
[Result "1-0"]
[WhiteCountry "CHN"]
[BlackCountry "USA"]
[WhiteElo "1749"]
[WhiteRD "130"]
[BlackElo "1139"]
[BlackRD "145"]
[GameID "120736"]

1. e4 e5 2. Nf3 f6 3. Nxe5 fxe5 4. Qh5+ g6 5. Qxe5+ Qe7 6. Qxh8 Nf6 7. d3 d5 8. Bg5 Nbd7 9. Nc3 c6 10. O-O-O b6
11. exd5 Qe5 12. Ne4 Qxd5 13. Nxf6+ Nxf6 14. Qxf6 Qxa2 15. Re1+ Be6 16. Rxe6+ Qxe6 17. Qxe6+
1-0

[Event "Welcome Tournament For New Players #4c"]
[Site "SchemingMind.com"]
[Date "2007.09.14"]
[Round "-"]
[White "myghtyhill"]
[Black "Malfurion"]
[Result "1/2-1/2"]
[WhiteCountry "CHN"]
[BlackCountry "USA"]
[WhiteElo "1749"]
[WhiteRD "130"]
[BlackElo "1966"]
[BlackRD "143"]
[GameID "120737"]

1. e4 d5 2. exd5 Qxd5 3. Nc3 Qd6 4. d4 Nf6 5. Nf3 a6 6. Bc4 b5 7. Bb3 e6 8. O-O Nbd7 9. Ne2 Bb7 10. Bf4 Qc6
11. Rc1 Bd6 12. c4 Bxf4 13. Nxf4 Qd6 14. Qd2 Bxf3 15. gxf3 O-O 16. c5 Qc6 17. Qd3 Rad8 18. Rfe1 Nd5 19. Nxd5 exd5 20. Qf5 Nf6
21. Re5 Rfe8 22. Rce1 Rxe5 23. Rxe5 Qd7 24. Bc2 c6 25. b4 Kf8 26. Kg2 Qxf5 27. Bxf5 g6 28. Bg4 Nxg4 29. fxg4 Re8 30. f4 Rxe5=
31. fxe5 g5 32. h4 h6 33. Kg3=
1/2-1/2

[Event "Welcome Tournament For New Players #4c"]
[Site "SchemingMind.com"]
[Date "2007.09.15"]
[Round "-"]
[White "myghtyhill"]
[Black "finlaggan"]
[Result "0-1"]
[WhiteCountry "CHN"]
[BlackCountry "SCO"]
[WhiteElo "1695"]
[WhiteRD "109"]
[BlackElo "1966"]
[BlackRD "124"]
[GameID "120738"]

1. e4 e5 2. Nf3 Nc6 3. Bb5 a6 4. Ba4 Nf6 5. O-O Be7 6. Re1 b5 7. Bb3 d6 8. d3 O-O 9. Bd2 a5 10. a4 b4
11. c3 Ba6 12. d4 Bd3 13. d5 Nb8 14. Bc2 Bxc2 15. Qxc2 Na6 16. cxb4 axb4 17. b3 Qb8 18. Be3 Nd7 19. Nbd2 Ndc5 20. h3 c6
21. Nh2 cxd5 22. exd5 Qb7 23. Ne4 Qxd5 24. Nxc5 Nxc5 25. Rad1 Qxb3 26. Qe2 Rfc8 27. Bxc5 Rxc5 28. f4 Rxa4 29. Rd3 Qc4 30. Re3 Qxe2
31. R3xe2 b3 32. Rb2 Rb5 33. fxe5 dxe5 34. Reb1 Bc5+ 35. Kf1 Rf4+ 36. Ke2 Rf2+ 37. Kd3 Rxb2 38. Rxb2 Ba3 39. Rb1 f5 40. Kc3 b2
41. Nf3 e4 42. Nd4 Rc5+
0-1

[Event "Welcome Tournament For New Players #4c"]
[Site "SchemingMind.com"]
[Date "2007.09.14"]
[Round "-"]
[White "Dariusz1968"]
[Black "myghtyhill"]
[Result "0-1"]
[WhiteCountry "POL"]
[BlackCountry "CHN"]
[WhiteElo "1319"]
[WhiteRD "60"]
[BlackElo "1711"]
[BlackRD "108"]
[GameID "120739"]

1. e4 e5 2. Qf3 Nf6 3. Bc4 g6 4. Qb3 Qe7 5. Nf3 Nxe4 6. d3 Nc5 7. Qc3 d6 8. Bg5 f6 9. Be3 Be6 10. Bxe6 Nxe6
11. Na3 Nc6 12. O-O d5 13. d4 e4 14. Nd2 Ncd8 15. f4 f5 16. Qb3 c6 17. c4 Qb4 18. Qxb4 Bxb4 19. cxd5 Bxd2 20. Bxd2 Nxd4
21. Bc3 Ne2+ 22. Kh1 Nxc3 23. bxc3 cxd5 24. Nb5 O-O 25. Nc7 Rc8 26. Nb5 a6 27. Nd4 Rxc3 28. Rab1 Rf6 29. Rfd1 b5 30. Ne2 Rc5
31. Rb3 Rfc6 32. a4 Ne6 33. axb5 axb5 34. Ra3 Kf7 35. Nd4 Nxd4 36. Ra7+ Kf6 37. h4 Rc1 38. Rxc1 Rxc1+ 39. Kh2 e3 40. Ra6+ Ne6
41. Ra2 d4 42. Re2 Nxf4 43. Ra2 e2 44. g4 e1=Q
0-1

[Event "Welcome Tournament For New Players #4c"]
[Site "SchemingMind.com"]
[Date "2007.09.15"]
[Round "-"]
[White "Ercan"]
[Black "myghtyhill"]
[Result "0-1"]
[WhiteCountry "TUR"]
[BlackCountry "CHN"]
[WhiteElo "1392"]
[WhiteRD "151"]
[BlackElo "1749"]
[BlackRD "130"]
[GameID "120740"]

1. e4 c5 2. Nf3 Nc6 3. d4 cxd4 4. Nxd4 d6 5. Bc4 e6 6. Nc3 Nf6 7. O-O Be7 8. f3 O-O 9. Nce2 a6 10. Ng3 Qb6
11. c3 e5 12. Ne2 exd4 13. cxd4 Qc7 14. Qd2 b5 15. Bb3 Bb7 16. Bc2 Rac8 17. a4 Qa5 18. Qe3 Nb4 19. Qb3 Nxc2 20. Qxc2 Rxc2
0-1

[Event "Welcome Tournament For New Players #4c"]
[Site "SchemingMind.com"]
[Date "2007.09.15"]
[Round "-"]
[White "mathmagician"]
[Black "myghtyhill"]
[Result "0-1"]
[WhiteCountry "USA"]
[BlackCountry "CHN"]
[WhiteElo "1139"]
[WhiteRD "145"]
[BlackElo "1749"]
[BlackRD "130"]
[GameID "120741"]

1. d4 Nf6 2. c4 g6 3. Nc3 Bg7 4. e4 d6 5. d5 c5 6. dxc6 Nxc6 7. f3 O-O 8. g4 Qc7 9. g5 Nh5 10. a3 Ne5
11. Nd5 Qd8 12. Bh3 Bxh3 13. Nxh3 e6 14. Nc3 Nxc4 15. Qb3 d5 16. exd5 exd5 17. Qxb7 Re8+ 18. Kf2 Bd4+ 19. Kf1 Rb8 20. Qxd5 Ne3+
21. Bxe3 Bxe3 22. b4 Qc8 23. Nb5 Qxh3+ 24. Ke2 Nf4+
0-1

[Event "Welcome Tournament For New Players #4c"]
[Site "SchemingMind.com"]
[Date "2007.09.15"]
[Round "-"]
[White "Malfurion"]
[Black "myghtyhill"]
[Result "0-1"]
[WhiteCountry "USA"]
[BlackCountry "CHN"]
[WhiteElo "1966"]
[WhiteRD "143"]
[BlackElo "1749"]
[BlackRD "130"]
[GameID "120742"]

1. d4 d5 2. Nf3 Bf5 3. Bf4 Nc6 4. c3 f6 5. Nh4 Bxb1 6. Qxb1 g5 7. Bxg5 fxg5 8. Nf3 e6 9. h4 gxh4 10. Rxh4 Qf6
11. Rxh7 Rxh7 12. Qxh7 Qg7 13. Qd3 O-O-O 14. O-O-O Bd6 15. g3 Nf6 16. Bh3 Qh6+
0-1

[Event "Welcome Tournament For New Players #4c"]
[Site "SchemingMind.com"]
[Date "2007.09.15"]
[Round "-"]
[White "finlaggan"]
[Black "myghtyhill"]
[Result "1-0"]
[WhiteCountry "SCO"]
[BlackCountry "CHN"]
[WhiteElo "1813"]
[WhiteRD "182"]
[BlackElo "1738"]
[BlackRD "125"]
[GameID "120743"]

1. d4 d5 2. c4 e6 3. Nc3 Nf6 4. cxd5 exd5 5. Bg5 Be7 6. Qc2 h6 7. Bh4 Nc6 8. e3 O-O 9. a3 Re8 10. Bd3 g5
11. Bg3 Bf8 12. Nf3 Bg7 13. O-O Nh5 14. Rac1 a6 15. e4 g4 16. exd5 gxf3 17. dxc6 fxg2 18. Rfd1 Nxg3 19. hxg3 Qg5 20. Be4 b5
21. Kxg2 Bg4 22. f3 Bh5 23. Qd2 Qxd2+ 24. Rxd2 Bg6 25. Bxg6 fxg6 26. Nd5 Rac8 27. a4 Kf7 28. axb5 axb5 29. Rc5 Re1 30. Rxb5 Rce8
31. Rb7 R8e2+ 32. Rxe2 Rxe2+ 33. Kf1 Rd2 34. Rxc7+
1-0